000 01081pam a2200301 i 4500
999 _c5417
_d5417
001 019282343
003 Uk
005 20250912085557.0
008 190116s2019 enk 000|0aeng|d
020 _a9781785039263
_qpaperback
040 _aStDuBDS
_beng
_cStDuBDS
_dUk
_dKH8
_erda
042 _aukblcatcopy
082 0 4 _a362.760 SHA
_223
100 1 _aO'Shaughnessey, Tara,
_d1972-
_eauthor.
245 1 0 _aSurvivor :
_bfrom childhood abuse to a life of crime and prostitution : a true story /
_cTara O'Shaughnessey with John F. McDonald.
264 1 _aLondon :
_bEbury Press,
_c2019.
300 _a340 pages ;
_c20 cm
336 _atext
_2rdacontent
337 _aunmediated
_2rdamedia
338 _avolume
_2rdacarrier
600 1 0 _aO'Shaughnessey, Tara,
_d1972-
650 0 _aAdult child sexual abuse victims
_zGreat Britain
_vBiography.
650 0 _aProstitutes
_zGreat Britain
_vBiography.
650 0 _aGangsters' spouses
_zGreat Britain
_vBiography.
690 7 _aSocial Welfare
_2blcoll
700 1 _aMcDonald, John F.
_q(John Francis),
_d1948-
_eauthor.
942 _2ddc
_cNFIC